| 000 | 00572nam a22002057a 4500 | ||
|---|---|---|---|
| 003 | OSt | ||
| 005 | 20151116101709.0 | ||
| 008 | 130906t xxu||||| |||| 00| 0 eng d | ||
| 020 | _a97878634433020 | ||
| 050 |
_aTX 724.5 _b.H412 1997 |
||
| 082 |
_aHS 641.529 _bH32 1997 |
||
| 100 |
_aHay, Donna _916714 |
||
| 245 |
_aTastes of Thailand / _cDonna Hay. |
||
| 260 |
_aAutralia : _bAJ. B. fairfax Press Publication, _cc1997. |
||
| 300 |
_a82 p. ; _bill. col. ; _c28 cm. |
||
| 650 |
_aCookery _xEthnic _916715 |
||
| 650 |
_aCookery _912409 |
||
| 942 |
_2lcc _cBK |
||
| 999 |
_c10443 _d10443 |
||